Programa del curso de química general / (Record no. 166518)
[ view plain ]
| 000 -LEADER | |
|---|---|
| campo de control de longitud fija | 00789nam a22002175i 4500 |
| 001 - NÚMERO DE CONTROL | |
| campo de control | 166518 |
| 003 - IDENTIFICADOR DE NÚMERO DE CONTROL | |
| campo de control | ES-MaACL |
| 005 - FECHA Y HORA DE LA ÚLTIMA TRANSACCIÓN | |
| campo de control | 20250725063233.0 |
| 008 - DATOS DE LONGITUD FIJA--INFORMACIÓN GENERAL | |
| campo de control de longitud fija | 050915s1859 sp | |||||||| ||spa d |
| 040 ## - FUENTE DE CATALOGACIÓN | |
| Centro catalogador/agencia de origen | CAM |
| Lengua de catalogación | spa |
| Centro/agencia transcriptor | CAM |
| 080 ## - NÚMERO DE LA CLASIFICACIÓN DECIMAL UNIVERSAL | |
| Número de la Clasificación Decimal Universal | 54:37.01 |
| 100 1# - ENTRADA PRINCIPAL--NOMBRE DE PERSONA | |
| Nombre de persona | Torres Muñoz de Luna, Ramón, |
| Fechas asociadas al nombre | 1822-1890 |
| Término indicativo de función/relación | Autor |
| 9 (RLIN) | 133329 |
| 245 10 - MENCIÓN DEL TÍTULO | |
| Título | Programa del curso de química general / |
| Mención de responsabilidad, etc. | por Ramón Torres Muñoz de Luna |
| 260 ## - PUBLICACIÓN, DISTRIBUCIÓN, ETC. | |
| Lugar de publicación, distribución, etc. | Madrid : |
| Nombre del editor, distribuidor, etc. | [s.n.], |
| Fecha de publicación, distribución, etc. | 1859 |
| Lugar de fabricación/manufactura | (Imp. de Manuel Álvarez) |
| 300 ## - DESCRIPCIÓN FÍSICA | |
| Extensión | 31 páginas ; |
| Dimensiones | 22 cm. |
| 650 #7 - PUNTO DE ACCESO ADICIONAL DE MATERIA--TÉRMINO DE MATERIA | |
| Término de materia o nombre geográfico como elemento de entrada | Química |
| Fuente del encabezamiento o término | embne |
| 9 (RLIN) | 16625 |
| 852 ## - LOCALIZACIÓN | |
| Ubicación | ES-MaACL |
| Ubicación en estantería | Depósito folletos |
| Marcas de propiedad | Ex-libris ms. de Gustavo Sáenz Díez y Cela |
| Número de control de estantería | T-851-F-11 |
| Encuadernación | Holandesa, conservando cub. original |
| 942 ## - ELEMENTOS DE ENTRADA SECUNDARIOS (KOHA) | |
| Fuente del sistema de clasificación o colocación | Clasificación decimal universal |
| Tipo de ítem Koha | Folleto |
| Suprimir en OPAC | No |
| Estatus retirado | Estado de pérdida | Estado de daño | No para préstamo | Colección | Biblioteca de origen | Biblioteca actual | Ubicación en estantería | Fecha de adquisición | Total de préstamos | Signatura topográfica completa | Código de barras | Visto por última vez | Precio de reemplazo | Tipo de ítem Koha |
|---|---|---|---|---|---|---|---|---|---|---|---|---|---|---|
| Colección de folletos | Biblioteca del Ateneo de Madrid | Biblioteca del Ateneo de Madrid | Depósito folletos | 17/01/2008 | T-851-F-11 | 1174647 | 23/02/2023 | 23/02/2023 | Folleto |
